Statistics for Spanish Bible Verbs clickable 1

Click here to take the quiz!

General Stats

  • This quiz has been taken 33 times
  • The average score is 16 of 30

Answer Stats

HintAnswer% Correct
To dieMorir
91%
To receiveRecibir
91%
To hopeEspérer
82%
To be able toPoder
82%
To followSeguir
82%
To drinkBeber
73%
To chooseElegir
73%
To washLavar
73%
To workTrabajar
73%
To seeVer
73%
To fightLuchar
64%
To breakRomper
64%
To offerOfrecer
55%
To putPoner
55%
To walkCaminar
45%
To marryCasar
45%
To eatComer
45%
To take care ofCuidar
45%
To keepGuardar
45%
To lift upLevantar
45%
To lookMirar
45%
To addAñadir
36%
To answerContestar
36%
To hideEsconder
36%
To suggestProponer
36%
To keep, to holdMantener
27%
To rotPudrirse
27%
To complainQuedarse
27%
To fearTemer
27%
To hitPedir
18%

Score Distribution

Percentile by Number Answered

Percent of People with Each Score

Your Score History

You have not taken this quiz